<?xml version="1.0" encoding="UTF-8"?>
<record
    xmlns:xsi="http://www.w3.org/2001/XMLSchema-instance"
    xsi:schemaLocation="http://www.loc.gov/MARC21/slim http://www.loc.gov/standards/marcxml/schema/MARC21slim.xsd"
    xmlns="http://www.loc.gov/MARC21/slim">

  <leader>01356nam a22002057a 4500</leader>
  <controlfield tag="005">20220411123038.0</controlfield>
  <controlfield tag="008">220406b           ||||| |||| 00| 0 eng d</controlfield>
  <datafield tag="020" ind1=" " ind2=" ">
    <subfield code="a">9789390252817</subfield>
  </datafield>
  <datafield tag="040" ind1=" " ind2=" ">
    <subfield code="c">AL</subfield>
  </datafield>
  <datafield tag="041" ind1=" " ind2=" ">
    <subfield code="a">eng</subfield>
  </datafield>
  <datafield tag="082" ind1=" " ind2=" ">
    <subfield code="2">23</subfield>
    <subfield code="a">820.33</subfield>
    <subfield code="b">PODG</subfield>
  </datafield>
  <datafield tag="100" ind1=" " ind2=" ">
    <subfield code="a">Tanushree Podder</subfield>
    <subfield code="9">27919</subfield>
  </datafield>
  <datafield tag="245" ind1=" " ind2=" ">
    <subfield code="a">Girls in Green</subfield>
  </datafield>
  <datafield tag="260" ind1=" " ind2=" ">
    <subfield code="a">New Delhi</subfield>
    <subfield code="b">Bloomsbury</subfield>
    <subfield code="c">2021</subfield>
  </datafield>
  <datafield tag="300" ind1=" " ind2=" ">
    <subfield code="a">xxviii,347p.</subfield>
    <subfield code="b">PB</subfield>
    <subfield code="c">20x13cm.</subfield>
  </datafield>
  <datafield tag="365" ind1=" " ind2=" ">
    <subfield code="2">General</subfield>
    <subfield code="a">6320</subfield>
    <subfield code="b">&#x20B9;389.22</subfield>
    <subfield code="c">&#x20B9;</subfield>
    <subfield code="d">&#x20B9;499.00</subfield>
    <subfield code="e">22%</subfield>
    <subfield code="f">08/03/2022</subfield>
  </datafield>
  <datafield tag="520" ind1=" " ind2=" ">
    <subfield code="a">Four girls. One uniform. One dream.Set in the Officers' Training Academy, this is the story.Of Bijli Bijarnia aka Billi, the girl with feline grace and lightning-fast ref lexes, determined to tear through the social taboos of Haryana hinterland from where she hails.Of Lakmenlang Zyiem aka Lakme from Shillong, the optimistic law graduate who is the first Khasi girl to join the academy.Of Shiny Joseph from Kottayam, who only joins the academy to be near her boyfriend but finds herself pitted against him more often than not.Of Nutan Patil aka Nutty from Jalna, the mimic, the incurable romantic, the effervescent drama queen.The Girls in Green is a story not only about soaring ambition and punishing military regimens, but also about gratifying rewards and the joys of friendship.

</subfield>
  </datafield>
  <datafield tag="650" ind1=" " ind2=" ">
    <subfield code="2">English Literature</subfield>
    <subfield code="a">Literature</subfield>
    <subfield code="9">27920</subfield>
  </datafield>
  <datafield tag="942" ind1=" " ind2=" ">
    <subfield code="2">ddc</subfield>
    <subfield code="c">BK</subfield>
  </datafield>
  <datafield tag="999" ind1=" " ind2=" ">
    <subfield code="c">222216</subfield>
    <subfield code="d">222216</subfield>
  </datafield>
  <datafield tag="952" ind1=" " ind2=" ">
    <subfield code="0">0</subfield>
    <subfield code="1">0</subfield>
    <subfield code="2">ddc</subfield>
    <subfield code="4">0</subfield>
    <subfield code="7">0</subfield>
    <subfield code="8">MAENG</subfield>
    <subfield code="a">SACPG</subfield>
    <subfield code="b">SACPG</subfield>
    <subfield code="d">2022-03-11</subfield>
    <subfield code="e">Biblios Book Point</subfield>
    <subfield code="g">389.22</subfield>
    <subfield code="l">3</subfield>
    <subfield code="o">820.33 PODG</subfield>
    <subfield code="p">PG023823</subfield>
    <subfield code="r">2026-03-09 15:19:35</subfield>
    <subfield code="s">2026-03-09</subfield>
    <subfield code="v">499.00</subfield>
    <subfield code="w">2022-08-03</subfield>
    <subfield code="y">BK</subfield>
  </datafield>
</record>
